000 00527nam a2200169Ia 4500
003 GCL
008 140319s9999 xx 000 0 ara d
040 _aGCL /
_cGCL
082 0 4 _aافلام ت
_b28
100 1 _aعواد شكرى (اخراج)
245 1 0 _aمتحف الحضارة المصرية (15 دقيقة) /
_cعواد شكرى (اخراج)
260 _a[S.N] :
_bالمركز القومى للسينما
490 _a
650 0 4 _aشرائط فيديو
650 0 4 _aافلام تسجيلية
942 _2ddc
_cBK
999 _c36655
_d36655